NBA Teams All-Time Rebound Leader - Statistics

General Stats
  • This quiz has been taken 47 times
  • The average score is 20 of 30
Answer Stats
Team # Player % Correct
HOU 13,382 Hakeem Olajuwon
100%
SAS 15,091 Tim Duncan
100%
BOS 21,620 Bill Russell
97%
MIL 7,161 Kareem Abdul-Jabbar
97%
UTA 14,601 Karl Malone
97%
DAL 11,489 Dirk Nowitzki
95%
NYK 10,759 Patrick Ewing
89%
ORL 8,072 Dwight Howard
87%
MIN 10,718 Kevin Garnett
87%
CLE 6,190 LeBron James
84%
WAS 13,769 Wes Unseld
82%
MEM 5,942 Marc Gasol
76%
NOP 4,906 Anthony Davis
71%
IND 6,006 Dale Davis
71%
LAC 7,988 DeAndre Jordan
71%
ATL 12,849 Bob Pettit
68%
CHI 5,836 Michael Jordan
68%
DET 9,430 Bill Laimbeer
66%
DEN 7,249 Nikola Jokic
61%
LAL 11,463 Elgin Baylor
58%
TOR 4,776 Chris Bosh
53%
GSW 12,771 Nate Thurmond
53%
BKN 7,576 Buck Williams
39%
MIA 5,791 Udonis Haslem
39%
OKL 7,729 Jack Sikma
37%
PHO 6,937 Alvan Adams
34%
POR 5,434 LaMarcus Aldridge
34%
PHI 11,256 Dolph Schayes
26%
SAC 9,353 Sam Lacey
11%
CHA 3,516 Emeka Okafor
5%
No matching quizzes found
Score Distribution
Percent of People with Each Score
Percentile by Number Answered
Your Score History
You have not taken this quiz